| 000 | 00668cam a2200169ua 4500 | ||
|---|---|---|---|
| 020 | _c5.00 | ||
| 041 |
_aeng _h |
||
| 082 |
_a666.9 _bIND/GU |
||
| 110 | 1 |
_aIndian Standard Institution . _b _c() |
|
| 245 | _aGuide for manufacture of lime in vertical mixed feed type kilns | ||
| 260 |
_aNew Delhi : _bIndian Standards Institution , _c1978. |
||
| 300 | _a6 ; . | ||
| 365 | _a5.00 | ||
| 504 | _a | ||
| 942 | _cBK | ||
| 999 |
_c7017 _d7017 |
||